000 00986 a2200205 4500
003 Nust
005 20221101093315.0
010 _a 73090593
020 _a0673077918
040 _cNust
082 0 0 _a510,LIA
100 1 _aLial, Margaret L.
_9102087
245 1 0 _aMathematics: with applications in the management, natural, and social sciences /
_cMargaret L. Lial & Charles D. Miller.
260 _aGlenview, Ill.,
_bScott, Foresman
_c[1974]
300 _a564 p.
_billus.
_c25 cm.
505 _aRelations and Sets (Page-2), Functions (Page-34), Exponential and Logarithmic Functions (Page-78), Matrix Theory (Page-136), Linear Systems (Page-179), Linear Programming (Page-215), Probability (Page-268), Decisions Theory (Page-312), Statistics (Page-343), Sequences and Limits (Page-394), Differential Calculus (Page-434), Integral Calculus (Page-483), Tables (Page-528).
650 0 _aMathematics.
700 1 _aMiller, Charles David,
_d1942-
_9102088
942 _2ddc
_cBK
_k510,LIA
999 _c180097
_d180097